Poverty in the developing world. Assessment of the past, prospects for the future.

Metodológia stanovenia hodnotenia odhadu dimenzií chudoby v Správe o svetovom rozvoji za r. 1990 (World Development Report). Napriek tomu, že cca 1/3 svetovej populácie žije v chudobe, bolo za posledných 20-30 rokov mnoho vykonané za jej redukciu. Základné znaky chudoby. Stratégia na zníženie stavu...

Ausführliche Beschreibung

Gespeichert in:
Bibliographische Detailangaben
1. Verfasser: van der Gaag, Jacques
Format: Buchkapitel
Sprache:Englisch
Schlagworte:
Tags: Tag hinzufügen
Keine Tags, Fügen Sie das erste Tag hinzu!

MARC

LEADER 00000naa a2200000 4500
001 r004397
005 20221130103144.5
041 0 |a eng 
044 |a NL 
245 1 0 |a Poverty in the developing world.  |b Assessment of the past, prospects for the future.  |c J. van der Gaag 
520 |a Metodológia stanovenia hodnotenia odhadu dimenzií chudoby v Správe o svetovom rozvoji za r. 1990 (World Development Report). Napriek tomu, že cca 1/3 svetovej populácie žije v chudobe, bolo za posledných 20-30 rokov mnoho vykonané za jej redukciu. Základné znaky chudoby. Stratégia na zníženie stavu chudoby do r. 2000. 
610 2 0 |a krajiny rozvojové 
610 2 0 |a chudoba 
610 2 0 |a 1990 
610 2 0 |a úroveň životná 
610 2 0 |a údaje štatistické 
610 2 0 |a 1980-2000 
100 1 |a van der Gaag, Jacques